00384nam a2200133Ia 45000010005000000080041000050820027000461000052000732450048001252600028001735900007002019010027002089990015002352894241024s9999 xx 000 0 und d aRD/378.7293/UN58l/2011 aUniversidad Autónoma de Santo Domingo, (UASD) 0aLibro de Resoluciones, julio-diciembre 2011 bEd. Universitariac2013 asi a13/6/2013 2:15:01 p.m. c8351d8351